000 00699nam a2200289Ia 4500
005 20260324140919.0
008 008 260324s9999 xx 000 0 eng d
020 _a9780429332104
037 _aEBOOK
040 _aCRL
040 _beng
040 _cCRL
041 _2eng
041 _aeng
084 _qCRL
100 _aVladimir A Bushenkov
_91206212
245 0 _aStabilization Problems with Constraints
245 0 _bAnalysis and Computational Aspects
260 _bTaylor and Francis
260 _c1998
365 _a
365 _b870
856 _uhttp://www.taylorfrancis.com/books/9780429332104
942 _cEBOOK
999 _c1808764
_d1808764